[Event "Rewal op-A 15th"]
[Site "Rewal"]
[Date "2010.08.24"]
[Round "5"]
[White "Gorol, Magdalena"]
[Black "Sowul, Bartosz"]
[Result "0-1"]
[WhiteElo "1787"]
[BlackElo "2128"]
[PlyCount "82"]
[EventDate "2010.08.19"]
[EventType "swiss"]
[EventRounds "9"]
[EventCountry "POL"]
[SourceTitle "EXT 2013"]
[Source "ChessBase"]
[SourceDate "2012.11.22"]
[SourceVersion "1"]
[SourceVersionDate "2012.11.22"]
[SourceQuality "1"]

1. e4 g6 2. d4 Bg7 3. Nf3 d6 4. Nbd2 Nd7 5. Bc4 e6 6. 0-0 a6 7. c3 Ne7 8. Bb3 b6 9. Ng5 h6 10. Nh3 e5 11. dxe5 dxe5 12. f3 Nc5 13. Nf2 Nxb3 14. Qxb3 Be6 15. Qd1 0-0 16. Qe1 f5 17. exf5 gxf5 18. Kh1 Ng6 19. Rg1 Bd5 20. Nh3 Kh7 21. Nf1 Qd7 22. Bd2 Qc6 23. Qf2 f4 24. Be1 e4 25. fxe4 Bxe4 26. Nd2 Bf5 27. Nf3 Bxh3 28. gxh3 Ne5 29. Rf1 Bf6 30. Rd1 Rae8 31. Bd2 Rd8 32. Bxf4 Nxf3 33. Rxd8 Ng5+ 34. Qg2 Qxg2+ 35. Kxg2 Bxd8 36. Bxg5 Rxf1 37. Bxd8 Ra1 38. Bxc7 Rxa2 39. Bxb6 Rxb2+ 40. Bf2 a5 41. Kg3 Rxf2 0-1

[Event "Rewal op-A 15th"]
[Site "Rewal"]
[Date "2010.08.21"]
[Round "3"]
[White "Wiewiora, Eneasz"]
[Black "Gorol, Magdalena"]
[Result "1-0"]
[WhiteElo "2042"]
[BlackElo "1787"]
[PlyCount "75"]
[EventDate "2010.08.19"]
[EventType "swiss"]
[EventRounds "9"]
[EventCountry "POL"]
[SourceTitle "EXT 2013"]
[Source "ChessBase"]
[SourceDate "2012.11.22"]
[SourceVersion "1"]
[SourceVersionDate "2012.11.22"]
[SourceQuality "1"]

1. e4 d5 2. exd5 Qxd5 3. Nc3 Qa5 4. d4 Bf5 5. Nf3 Nf6 6. Bc4 e6 7. Bd2 c6 8. h3 Nbd7 9. 0-0 Be7 10. Nd5 Qd8 11. Nxe7 Qxe7 12. Re1 Ne4 13. Bc1 0-0 14. Bd3 Nd6 15. Bf4 Bxd3 16. Qxd3 Rfe8 17. Ng5 Nf6 18. Be5 Nf5 19. Ne4 Nxe4 20. Qxe4 Rad8 21. c3 Rd7 22. g4 Nd6 23. Qe2 Red8 24. Bg3 h5 25. f4 hxg4 26. hxg4 Qf6 27. Kg2 Qg6 28. Rad1 Ne8 29. f5 Qg5 30. fxe6 Re7 31. exf7+ Rxf7 32. Rf1 Nf6 33. Rde1 Re8 34. Qxe8+ Nxe8 35. Rxe8+ Kh7 36. Rxf7 Qd5+ 37. Rf3 Qxa2 38. Re2 1-0

[Event "Gora Sw Anny op 3rd"]
[Site "Gora Sw Anny"]
[Date "2010.02.10"]
[Round "5"]
[White "Gorol, Magdalena"]
[Black "Malinowski, Damian"]
[Result "1/2-1/2"]
[WhiteElo "1817"]
[BlackElo "1701"]
[PlyCount "31"]
[EventDate "2010.02.08"]
[EventType "swiss"]
[EventRounds "9"]
[EventCountry "POL"]
[SourceTitle "CBM 135 Extra"]
[Source "ChessBase"]
[SourceDate "2010.05.04"]
[SourceVersion "1"]
[SourceVersionDate "2010.05.04"]
[SourceQuality "1"]

1. e4 c6 2. d4 d5 3. Nc3 dxe4 4. Nxe4 Bf5 5. Ng3 Bg6 6. Nf3 Nd7 7. h4 h6 8. h5 Bh7 9. Bd3 Bxd3 10. Qxd3 e6 11. Bd2 Ngf6 12. c4 Qc7 13. 0-0-0 0-0-0 14. Bc3 Bd6 15. Ne2 c5 16. Kb1 1/2-1/2

[Event "Warsaw AIG Life rapid 9th"]
[Site "Warsaw"]
[Date "2009.12.19"]
[Round "1"]
[White "Zherebukh, Yaroslav"]
[Black "Gorol, Magdalena"]
[Result "1-0"]
[WhiteElo "2527"]
[BlackElo "1817"]
[PlyCount "71"]
[EventDate "2009.12.19"]
[EventType "swiss (rapid)"]
[EventRounds "13"]
[EventCountry "POL"]
[SourceTitle "CBM 133 Extra"]
[Source "ChessBase"]
[SourceDate "2010.01.05"]
[SourceVersion "1"]
[SourceVersionDate "2010.01.05"]
[SourceQuality "1"]

1. e4 d5 2. exd5 Qxd5 3. Nc3 Qa5 4. d4 Bf5 5. Qf3 c6 6. d5 Bd7 7. Bd2 Nf6 8. Bc4 Na6 9. Nge2 Nb4 10. Bb3 e6 11. a3 cxd5 12. Na2 Nxc2+ 13. Bxc2 Qb6 14. Bc3 Be7 15. 0-0 0-0 16. Bd4 Qc7 17. Rac1 Bc6 18. Ba4 Rac8 19. Nb4 Bxb4 20. axb4 Qd8 21. Bxc6 bxc6 22. Bxf6 Qxf6 23. Qxf6 gxf6 24. Nd4 Rc7 25. Rxc6 Rb7 26. Nc2 Kg7 27. f4 Rd8 28. Rd1 e5 29. Rc5 Rbd7 30. Ne3 d4 31. Nf5+ Kf8 32. fxe5 fxe5 33. Rxe5 Rb7 34. Rxd4 Rxd4 35. Nxd4 Rxb4 36. Nc6 1-0

[Event "Polanica Zdroj op-B 44th"]
[Site "Polanica Zdroj"]
[Date "2008.08.21"]
[Round "3"]
[White "Zielinski, Maciej"]
[Black "Gorol, Magdalena"]
[Result "1/2-1/2"]
[WhiteElo "1917"]
[BlackElo "1786"]
[PlyCount "49"]
[EventDate "2008.08.19"]
[EventType "swiss"]
[EventRounds "10"]
[EventCountry "POL"]
[SourceTitle "CBM 126 Extra"]
[Source "ChessBase"]
[SourceDate "2008.11.05"]
[SourceVersion "1"]
[SourceVersionDate "2008.11.05"]
[SourceQuality "1"]

1. e4 d5 2. exd5 Qxd5 3. Nc3 Qa5 4. Bc4 Nf6 5. d3 c6 6. Be3 Nd5 7. Bd2 Qd8 8. Qh5 e6 9. Nf3 Be7 10. Ne5 0-0 11. 0-0 Nd7 12. Kh1 Nxe5 13. Qxe5 Bf6 14. Qg3 b5 15. Bxd5 exd5 16. a4 b4 17. Ne2 Re8 18. Nf4 Bxb2 19. Rab1 Bc3 20. Nh5 g6 21. Bxc3 bxc3 22. Rb3 d4 23. Nf4 Qa5 24. h4 Qxa4 25. h5 1/2-1/2

[Event "POL-chT3 Slaskie"]
[Site "Poland"]
[Date "2008.05.10"]
[Round "8.56"]
[White "Matusiak, Paulina"]
[Black "Gorol, Magdalena"]
[Result "1-0"]
[WhiteElo "1724"]
[BlackElo "1835"]
[PlyCount "49"]
[EventDate "2008.02.03"]
[EventType "team-swiss"]
[EventRounds "9"]
[EventCountry "POL"]
[SourceTitle "EXT 2019"]
[Source "ChessBase"]
[SourceDate "2018.10.10"]
[SourceVersion "1"]
[SourceVersionDate "2018.10.10"]
[SourceQuality "1"]

1. c4 e6 2. Nc3 d5 3. cxd5 exd5 4. e3 c6 5. Nge2 Bd6 6. g3 f5 7. Bg2 Nf6 8. 0-0 0-0 9. d3 b5 10. Nd4 a5 11. a3 Qe8 12. Re1 Ra7 13. Bd2 Be5 14. Nb3 Nbd7 15. f4 Bd6 16. e4 fxe4 17. dxe4 dxe4 18. Nxe4 Be7 19. Nd6 Qd8 20. Nxc8 Qxc8 21. Rxe7 a4 22. Nc5 Qd8 23. Nxd7 Nxd7 24. Bb4 Rf6 25. Kh1 1-0

[Event "Rewal op-A 12th"]
[Site "Rewal"]
[Date "2007.08.25"]
[Round "5"]
[White "Gorol, Magdalena"]
[Black "Tokarski, Lukasz"]
[Result "0-1"]
[WhiteElo "1834"]
[BlackElo "2168"]
[PlyCount "64"]
[EventDate "2007.08.20"]
[EventType "swiss"]
[EventRounds "9"]
[EventCountry "POL"]
[SourceTitle "CBM 120 Extra"]
[Source "ChessBase"]
[SourceDate "2007.11.01"]
[SourceVersion "1"]
[SourceVersionDate "2007.11.01"]
[SourceQuality "1"]

1. e4 c5 2. c4 Nc6 3. Nc3 g6 4. g3 Bg7 5. Bg2 d6 6. Nge2 e6 7. 0-0 Nge7 8. d3 0-0 9. Be3 Nd4 10. Qd2 Rb8 11. Bh6 a6 12. Nxd4 cxd4 13. Ne2 e5 14. b4 b5 15. c5 dxc5 16. bxc5 Qc7 17. Rac1 Be6 18. Bxg7 Kxg7 19. f4 f6 20. Rc2 Rbc8 21. h3 Qa7 22. Rfc1 Nc6 23. g4 a5 24. f5 Bg8 25. g5 Qe7 26. gxf6+ Qxf6 27. Ng3 Qh4 28. Kh2 Nb4 29. Rb2 Qf4 30. a3 Nxd3 31. Qxd3 Qxc1 32. Rxb5 Rxc5 0-1

[Event "Rewal op-A 12th"]
[Site "Rewal"]
[Date "2007.08.21"]
[Round "1"]
[White "Slezak, Robert"]
[Black "Gorol, Magdalena"]
[Result "1-0"]
[WhiteElo "2167"]
[BlackElo "1834"]
[PlyCount "61"]
[EventDate "2007.08.20"]
[EventType "swiss"]
[EventRounds "9"]
[EventCountry "POL"]
[SourceTitle "CBM 120 Extra"]
[Source "ChessBase"]
[SourceDate "2007.11.01"]
[SourceVersion "1"]
[SourceVersionDate "2007.11.01"]
[SourceQuality "1"]

1. e4 Nf6 2. Nc3 d5 3. exd5 Nxd5 4. Bc4 Nb6 5. Bb3 Nc6 6. Nf3 Bf5 7. d4 e6 8. 0-0 Be7 9. Re1 0-0 10. Ne4 Nd5 11. Ng3 Bg6 12. c3 Qd7 13. Ba4 Bf6 14. Bg5 Bxg5 15. Nxg5 a6 16. h4 b5 17. Bc2 Bxc2 18. Qxc2 g6 19. h5 Qd8 20. N5e4 Nf4 21. Qd1 Qh4 22. Nd2 Rfe8 23. Qf3 Ne7 24. Nge4 f5 25. g3 fxe4 26. Nxe4 Qh3 27. Qxf4 Rf8 28. Qe5 Nd5 29. Ng5 Qxh5 30. Qxe6+ Kh8 31. Qxd5 1-0

[Event "POL-ch U18 Girls"]
[Site "Leba"]
[Date "2007.03.27"]
[Round "6"]
[White "Gorol, Magdalena"]
[Black "Dusza, Elzbieta"]
[Result "0-1"]
[WhiteElo "1823"]
[BlackElo "1888"]
[PlyCount "104"]
[EventDate "2007.03.24"]
[EventType "swiss"]
[EventRounds "11"]
[EventCountry "POL"]
[SourceTitle "EXT 2011"]
[Source "ChessBase"]
[SourceDate "2010.11.26"]
[SourceVersion "1"]
[SourceVersionDate "2010.11.26"]
[SourceQuality "1"]

1. g3 d5 2. Bg2 c6 3. d3 e5 4. Nd2 Bc5 5. e3 f5 6. Ne2 Nf6 7. b3 Qc7 8. Bb2 0-0 9. 0-0 Bd6 10. h3 f4 11. g4 h6 12. e4 Be6 13. a3 Nh7 14. Kh2 Qe7 15. Qe1 Ng5 16. f3 Nd7 17. Ng1 Bc5 18. exd5 Bxd5 19. Ne4 Be3 20. h4 Ne6 21. Nd2 Bxd2 22. Qxd2 Qxh4+ 23. Bh3 Qg3+ 24. Kh1 Ng5 25. Qg2 Qh4 26. Kh2 Rae8 27. Bc3 Nxh3 28. Nxh3 Qe7 29. Bb2 c5 30. Rae1 Qh4 31. Re2 Rf7 32. Rfe1 Qg3+ 33. Qxg3 fxg3+ 34. Kxg3 Rxf3+ 35. Kh2 Nf6 36. Rg1 e4 37. Bxf6 Rxf6 38. Rge1 g5 39. dxe4 Be6 40. Kg3 Ref8 41. Rf2 Kg7 42. Rd1 Bxg4 43. Rd5 Bxh3 44. Rxf6 Rxf6 45. Kxh3 b6 46. e5 Re6 47. Kg4 Kg6 48. Rd7 h5+ 49. Kg3 a5 50. Rb7 Kf5 51. Rh7 h4+ 52. Kg2 Rxe5 0-1

[Event "POL-ch U18 Girls"]
[Site "Leba"]
[Date "2007.03.26"]
[Round "4"]
[White "Gorol, Magdalena"]
[Black "Markowska, Maria"]
[Result "0-1"]
[WhiteElo "1823"]
[BlackElo "1738"]
[PlyCount "64"]
[EventDate "2007.03.24"]
[EventType "swiss"]
[EventRounds "11"]
[EventCountry "POL"]
[SourceTitle "EXT 2011"]
[Source "ChessBase"]
[SourceDate "2010.11.26"]
[SourceVersion "1"]
[SourceVersionDate "2010.11.26"]
[SourceQuality "1"]

1. g3 d5 2. Bg2 Nc6 3. d3 e5 4. Nd2 Be6 5. b3 g6 6. Bb2 Bg7 7. e3 Qd7 8. Ne2 Nge7 9. a3 a5 10. e4 0-0 11. 0-0 Bh3 12. f4 Rad8 13. Qe1 Bxg2 14. Kxg2 dxe4 15. Nxe4 f5 16. Ng5 h6 17. Nh3 Qd5+ 18. Kg1 Qc5+ 19. Rf2 Qxc2 20. Nd4 Nxd4 21. Bxd4 Qxb3 22. Bxe5 Nc6 23. Rb1 Qxd3 24. Bxc7 Rde8 25. Qd2 Qxb1+ 26. Rf1 Qe4 27. Nf2 Bd4 28. Bd6 Rf6 29. Be5 Nxe5 30. fxe5 Bxf2+ 31. Rxf2 Rb6 32. Rf1 Qxe5 0-1

[Event "POL-ch U18 Girls"]
[Site "Leba"]
[Date "2007.03.24"]
[Round "1"]
[White "Gorol, Magdalena"]
[Black "Kaniak, Justyna"]
[Result "0-1"]
[WhiteElo "1823"]
[BlackElo "1931"]
[PlyCount "98"]
[EventDate "2007.03.24"]
[EventType "swiss"]
[EventRounds "11"]
[EventCountry "POL"]
[SourceTitle "EXT 2011"]
[Source "ChessBase"]
[SourceDate "2010.11.26"]
[SourceVersion "1"]
[SourceVersionDate "2010.11.26"]
[SourceQuality "1"]

1. e4 e5 2. d4 exd4 3. Qxd4 Nc6 4. Qe3 Nf6 5. Nc3 Bb4 6. Bd2 0-0 7. 0-0-0 Re8 8. Bd3 d5 9. Qf4 d4 10. Nce2 Bd6 11. Qg5 Re5 12. Qg3 Nxe4 13. Bxe4 Rxe4 14. Qd3 Bf5 15. Ng3 Bxg3 16. hxg3 Ne5 17. Qb3 Be6 18. Qa4 Nc4 19. Bf4 Qd5 20. f3 Rxf4 21. gxf4 c5 22. g4 b5 23. Qb3 Qc6 24. Qd3 g6 25. Nh3 Ne3 26. Ng5 Bc4 27. Qd2 Qa6 28. Qh2 Kf8 29. Nxh7+ Ke7 30. f5 Rd8 31. Qe5+ Kd7 32. Nf6+ Kc6 33. Ne8 Rd7 34. Qf6+ Kb7 35. fxg6 Qxa2 36. Nd6+ Kc7 37. g7 Qa1+ 38. Kd2 Qxb2 39. Ne8+ Kb7 40. Qf5 Qc3+ 41. Kc1 d3 42. Qxd7+ Ka6 43. Rh6+ Ka5 44. Rh2 Nxc2 45. Qxa7+ Kb4 46. Kb1 Qb3+ 47. Kc1 Kc3 48. Rxd3+ Kxd3 49. Rxc2 Qxc2# 0-1

[Event "POL-chT3 Liga Slaska"]
[Site "Poland"]
[Date "2007.02.11"]
[Round "4"]
[White "Gorol, Magdalena"]
[Black "Pacak, Patrycja"]
[Result "1-0"]
[WhiteElo "1823"]
[BlackElo "1695"]
[PlyCount "105"]
[EventDate "2007.01.28"]
[EventType "team-swiss"]
[EventRounds "9"]
[EventCountry "POL"]
[SourceTitle "EXT 2011"]
[Source "ChessBase"]
[SourceDate "2010.11.26"]
[SourceVersion "1"]
[SourceVersionDate "2010.11.26"]
[SourceQuality "1"]
[WhiteTeam "Katowice UKS Palac Mlodziezy"]
[BlackTeam "Czestochowa UKS Hetman"]
[WhiteTeamCountry "POL"]
[BlackTeamCountry "POL"]

1. g3 e5 2. Bg2 d5 3. d3 Be6 4. b3 Nc6 5. Bb2 Nf6 6. Nd2 Bc5 7. e3 Qe7 8. a3 Nd7 9. Ne2 0-0 10. Nc3 Nb6 11. b4 Bd6 12. Nb5 Na4 13. Bc1 Nb6 14. Nxd6 Qxd6 15. Qh5 f5 16. Nf3 Nd7 17. Bb2 Nxb4 18. Kd2 Nc6 19. a4 Ne7 20. Ng5 Nf6 21. Qh3 Bd7 22. f4 Ng6 23. Rhf1 h6 24. Nf3 Ng4 25. Bh1 Qb6 26. Rfe1 Qxb2 27. Reb1 Qxa1 28. Rxa1 exf4 29. exf4 c6 30. Nd4 Rae8 31. Bf3 Rf7 32. Bxg4 fxg4 33. Qh5 Ne7 34. Rb1 b6 35. Re1 c5 36. Nb5 Rf5 37. Qxg4 Bxb5 38. axb5 Rf7 39. Qd7 Kf8 40. Qxa7 Rf6 41. Qd7 d4 42. Re6 Rxe6 43. Qxe6 Nc8 44. Qc6 Kf7 45. f5 h5 46. Qg6+ Kf8 47. Qxh5 Nd6 48. Qg6 Nxb5 49. Qxb6 Nc3 50. Qxc5+ Kg8 51. Qxd4 Nb1+ 52. Kc1 Re1+ 53. Kb2 1-0

[Event "POL-ch U16 Girls"]
[Site "Leba"]
[Date "2006.03.29"]
[Round "7"]
[White "Gorol, Magdalena"]
[Black "Partyka, Malgorzata"]
[Result "1-0"]
[WhiteElo "1868"]
[BlackElo "1925"]
[PlyCount "73"]
[EventDate "2006.03.25"]
[EventType "swiss"]
[EventRounds "11"]
[EventCountry "POL"]
[SourceTitle "CBM 111 Extra"]
[Source "ChessBase"]
[SourceDate "2006.05.09"]
[SourceVersion "1"]
[SourceVersionDate "2006.05.09"]
[SourceQuality "1"]

1. e4 Nf6 2. e5 Nd5 3. c4 Nb6 4. d4 d6 5. f4 dxe5 6. fxe5 Nc6 7. Be3 e6 8. Nc3 f6 9. exf6 Qxf6 10. Nf3 Be7 11. Bd3 h6 12. 0-0 0-0 13. Ng5 hxg5 14. Rxf6 gxf6 15. h4 Rf7 16. hxg5 fxg5 17. Qh5 Rg7 18. Qe8+ Bf8 19. Rf1 Nd7 20. Qxe6+ Kh8 21. Qh6+ Kg8 22. Bxg5 Nxd4 23. Qh4 Bc5 24. Kh1 Ne6 25. Bh6 Be7 26. Qe1 Ndc5 27. Bxg7 Nxd3 28. Qg3 Nxg7 29. Qxd3 Bf5 30. Rxf5 Nxf5 31. Qxf5 Rf8 32. Qe6+ Rf7 33. Nd5 Bd6 34. Nf6+ Kf8 35. Qe8+ Kg7 36. Nh5+ Kg6 37. Qg8+ 1-0

[Event "POL-ch U16 Girls"]
[Site "Leba"]
[Date "2006.03.27"]
[Round "4"]
[White "Tarach, Dorota"]
[Black "Gorol, Magdalena"]
[Result "1/2-1/2"]
[WhiteElo "1800"]
[BlackElo "1868"]
[PlyCount "59"]
[EventDate "2006.03.25"]
[EventType "swiss"]
[EventRounds "11"]
[EventCountry "POL"]
[SourceTitle "CBM 111 Extra"]
[Source "ChessBase"]
[SourceDate "2006.05.09"]
[SourceVersion "1"]
[SourceVersionDate "2006.05.09"]
[SourceQuality "1"]

1. e4 Nf6 2. e5 Nd5 3. d4 d6 4. exd6 exd6 5. Nf3 Bf5 6. c4 Nb6 7. Nc3 Nc6 8. Bd3 Bg6 9. 0-0 Be7 10. Re1 Bh5 11. Nd5 Qd7 12. Nxe7 Nxe7 13. Qe2 f6 14. Bf5 Qd8 15. b3 Kf8 16. Be6 Nc6 17. Bb2 Qe7 18. Rad1 Re8 19. Kf1 Nd8 20. Bf5 Qxe2+ 21. Rxe2 Bxf3 22. gxf3 g6 23. Rxe8+ Kxe8 24. Re1+ Kf7 25. Bd3 f5 26. d5 Re8 27. Re3 Nd7 28. Bd4 a6 29. f4 Re7 30. Kg2 1/2-1/2